CSD Conservatori Superior de Dansa : Institut del Teatre : classes obertes per a futurs estudiants Institut del Teatre :

Descripción Física: 1 díptic : il. ; 15 x 21 cm

MARC

LEADER 00000nam a2200000Ia 4500
001 24053
008 160829s2013 xx 000 0 cat d
080 |a FU-64-22 
245 |a CSD Conservatori Superior de Dansa :  |b  Institut del Teatre :  |b  classes obertes per a futurs estudiants 
260 |a Barcelona :  |b Diputació de Barcelona. Institut del Teatre,  |c 2013 
300 |a 1 díptic :  |b  il. ;  |c 15 x 21 cm 
590 |a Text en català. Hi ha el mateix exemplar en castellà amb R. 24049 
650 |a Dansa  |x Ensenyament -- Barcelona (província)  |9 49584 
710 1 |a Institut del Teatre (Barcelona, Catalunya)  |9 52662 
901 |a Arxiu 
942 |n 1 
952 |0 0  |1 0  |4 0  |6 FU6422  |7 1  |9 55453  |a Arxiu  |b Arxiu  |d 2016-12-01  |l 0  |o FU-64-22  |p 24053  |r 2016-12-01 00:00:00  |w 2016-12-01  |y ARXIU 
999 |c 59326  |d 59326